[Event "Politiken Cup 2008"]
[Site "Helsingør DEN"]
[Date "2008.07.20"]
[Round "2.106"]
[White "Jacobsen, Súni"]
[Black "Linnemann, Lars"]
[Result "1-0"]
[WhiteElo "1981"]
[BlackElo "1626"]
[PlyCount "93"]
[EventDate "2008.07.20"]
[EventType "swiss"]
[EventRounds "9"]
[EventCountry "DEN"]
[Source "lmi"]
[SourceDate "2008.07.20"]
[WhiteTeam "Havnar Telvingarfelag"]
[BlackTeam "Øbro"]

1. d4 d5 2. Nf3 Nf6 3. g3 Bf5 4. Bg2 e6 5. O-O Be7 6. c4 dxc4 7. Ne5 c6 8. Nc3
Nbd7 9. e4 Bg6 10. Nxc4 Nb6 11. Ne5 Nfd7 12. Nxg6 hxg6 13. Qe2 Nf6 14. Be3 Qd7
15. Rac1 O-O 16. Rfd1 Rfd8 17. a3 Qe8 18. d5 exd5 19. Bxb6 axb6 20. exd5 Rac8
21. Re1 Bc5 22. Qc4 Qd7 23. dxc6 Qf5 24. Re2 Rd4 25. Qb5 bxc6 26. Bxc6 Rd3 27.
Kg2 Rcd8 28. Ne4 Qh5 29. Nxf6+ gxf6 30. Rce1 Qg4 31. b4 Bf8 32. Qxb6 R8d4 33.
Re3 Rd2 34. Bf3 Qg5 35. R1e2 Rd1 36. Rc2 Rd6 37. Qb7 Rd7 38. Qa8 R1d2 39. Rxd2
Rxd2 40. Re8 Qh6 41. b5 Rb2 42. a4 Qd2 43. Rxf8+ Kg7 44. Rg8+ Kh6 45. Rh8+ Kg5
46. h4+ Kf5 47. Qe4# 1-0

[Event "Politiken Cup 2008"]
[Site "Helsingør DEN"]
[Date "2008.07.20"]
[Round "2.107"]
[White "Fischer, Thomas"]
[Black "Clausen, Hansjørgen"]
[Result "1-0"]
[WhiteElo "1976"]
[BlackElo "1617"]
[PlyCount "41"]
[EventDate "2008.07.20"]
[EventType "swiss"]
[EventRounds "9"]
[EventCountry "DEN"]
[Source "lmi"]
[SourceDate "2008.07.20"]
[WhiteTeam "SC Grunbach"]
[BlackTeam "Gråsten"]

1. Nf3 b6 2. g3 Bb7 3. Bg2 e6 4. O-O Nf6 5. d3 d6 6. c3 Be7 7. Nbd2 Nbd7 8. e4
e5 9. Re1 O-O 10. Nf1 c5 11. Nh4 g6 12. Bh6 Re8 13. h3 Bf8 14. Qd2 Nh5 15. Nh2
Bxh6 16. Qxh6 Qf6 17. Nf5 gxf5 18. Qxh5 f4 19. Qg4+ Qg6 20. Qxd7 Bc8 21. Qxe8+
1-0

[Event "Politiken Cup 2008"]
[Site "Helsingør DEN"]
[Date "2008.07.20"]
[Round "2.108"]
[White "Bernard, Leif"]
[Black "Guttulsrud, Odd Martin"]
[Result "0-1"]
[WhiteElo "1643"]
[BlackElo "1976"]
[PlyCount "52"]
[EventDate "2008.07.20"]
[EventType "swiss"]
[EventRounds "9"]
[EventCountry "DEN"]
[Source "lmi"]
[SourceDate "2008.07.20"]
[WhiteTeam "Enkeltmedlem"]
[BlackTeam "1911"]

1. e4 c5 2. Nc3 d6 3. Bb5+ Bd7 4. Bxd7+ Qxd7 5. f4 Nc6 6. Nf3 g6 7. d4 cxd4 8.
Nxd4 Bg7 9. Be3 Nf6 10. Qf3 Ng4 11. Nxc6 Nxe3 12. Qxe3 bxc6 13. O-O Rb8 14.
Rab1 Qc7 15. Kh1 Qa5 16. a3 Bxc3 17. Qxc3 Qxc3 18. bxc3 Kd7 19. Rb3 Rb6 20.
Rfb1 Rhb8 21. g4 d5 22. exd5 cxd5 23. Kg2 Kc6 24. Kf3 Kc5 25. Ke3 Kc4 26. Kd2
Rxb3 0-1

[Event "Politiken Cup 2008"]
[Site "Helsingør DEN"]
[Date "2008.07.20"]
[Round "2.109"]
[White "Berkemer, Rainer"]
[Black "Harders, Poul Erik"]
[Result "1/2-1/2"]
[WhiteElo "1975"]
[BlackElo "1612"]
[PlyCount "70"]
[EventDate "2008.07.20"]
[EventType "swiss"]
[EventRounds "9"]
[EventCountry "DEN"]
[Source "lmi"]
[SourceDate "2008.07.20"]
[WhiteTeam "SF Neckartenzlingen"]
[BlackTeam "Gladsaxe"]

1. d4 Nf6 2. Nf3 g6 3. c4 Bg7 4. g3 O-O 5. Bg2 d6 6. b3 c5 7. Bb2 Qa5+ 8. Bc3
Qc7 9. Nbd2 Nbd7 10. O-O a6 11. a4 Rb8 12. Qc2 b6 13. Rfe1 Bb7 14. d5 Rfe8 15.
Rad1 e6 16. dxe6 Rxe6 17. Ng5 Re7 18. e4 Rbe8 19. f3 h6 20. Nh3 Nh5 21. Bxg7
Kxg7 22. Nf1 f5 23. Qc3+ Kh7 24. exf5 gxf5 25. Rxe7+ Rxe7 26. Ne3 Ng7 27. Qd3
Ne5 28. Qxd6 Qxd6 29. Rxd6 Nxf3+ 30. Bxf3 Bxf3 31. Kf2 Be4 32. Rxb6 Re6 33.
Rxe6 Nxe6 34. g4 fxg4 35. Nxg4 Bc2 1/2-1/2

[Event "Politiken Cup 2008"]
[Site "Helsingør DEN"]
[Date "2008.07.20"]
[Round "2.110"]
[White "Andersen, Daniel"]
[Black "Hein, Jacob"]
[Result "1-0"]
[WhiteElo "1969"]
[BlackElo "1603"]
[PlyCount "65"]
[EventDate "2008.07.20"]
[EventType "swiss"]
[EventRounds "9"]
[EventCountry "DEN"]
[Source "lmi"]
[SourceDate "2008.07.20"]
[WhiteTeam "Frederikssund"]
[BlackTeam "Espergærde"]

1. c4 Nf6 2. Nc3 b6 3. e4 Nc6 4. d4 e6 5. a3 d5 6. e5 Ne4 7. Nxe4 dxe4 8. Be3
Be7 9. Qe2 Ba6 10. O-O-O Na5 11. Qc2 Bb7 12. Ne2 Bxa3 13. bxa3 Qe7 14. Kb2 O-O
15. Ng3 f5 16. exf6 Qxf6 17. Nxe4 Bxe4 18. Qxe4 c5 19. Bd3 Qf5 20. Qxf5 exf5
21. d5 a6 22. a4 f4 23. Bd2 Nb7 24. Rhe1 Rad8 25. Re7 Nd6 26. Bc3 Rf7 27. Rde1
Kf8 28. Rxf7+ Kxf7 29. Re6 b5 30. axb5 axb5 31. cxb5 c4 32. Be2 g6 33. Be5 1-0

[Event "Politiken Cup 2008"]
[Site "Helsingør DEN"]
[Date "2008.07.20"]
[Round "2.111"]
[White "Clausen, Jørgen"]
[Black "Tandrup, Michael"]
[Result "1/2-1/2"]
[WhiteElo "1630"]
[BlackElo "1969"]
[PlyCount "59"]
[EventDate "2008.07.20"]
[EventType "swiss"]
[EventRounds "9"]
[EventCountry "DEN"]
[Source "lmi"]
[SourceDate "2008.07.20"]
[WhiteTeam "Gråsten"]
[BlackTeam "BMS"]

1. d4 d5 2. c4 dxc4 3. e4 e5 4. d5 Nf6 5. Nc3 Bd6 6. Bxc4 O-O 7. Nge2 c6 8. f3
cxd5 9. Nxd5 Nxd5 10. Bxd5 Qh4+ 11. Ng3 Bc5 12. Qb3 Nd7 13. Be3 Bxe3 14. Qxe3
Nb6 15. Bb3 Rd8 16. O-O Bd7 17. Rfd1 Qe7 18. Rac1 Rac8 19. Ne2 Be6 20. Rxc8
Rxc8 21. Bxe6 Qxe6 22. b3 h6 23. Nc3 Qc6 24. Nd5 Qc2 25. Rd2 Qc1+ 26. Kf2 Rc2
27. Rxc2 Qxc2+ 28. Kg3 Nxd5 29. exd5 Qg6+ 30. Kf2 1/2-1/2

[Event "Politiken Cup 2008"]
[Site "Helsingør DEN"]
[Date "2008.07.20"]
[Round "2.112"]
[White "Ochsner, Bjorn Moller"]
[Black "Olsen, Kirkegaard"]
[Result "1-0"]
[WhiteElo "1963"]
[BlackElo "1579"]
[PlyCount "83"]
[EventDate "2008.07.20"]
[EventType "swiss"]
[EventRounds "9"]
[EventCountry "DEN"]
[Source "lmi"]
[SourceDate "2008.07.20"]
[WhiteTeam "Århus/skolerne"]
[BlackTeam "Evans"]

1. e4 e5 2. Nf3 Nc6 3. Bb5 a6 4. Ba4 Nf6 5. O-O b5 6. Bb3 Bc5 7. c3 Ba7 8. Re1
d6 9. h3 h6 10. d4 O-O 11. Be3 Re8 12. Nbd2 d5 13. dxe5 Nxe4 14. Bxa7 Rxa7 15.
Nxe4 dxe4 16. Qxd8 Nxd8 17. Rxe4 c5 18. Rd1 c4 19. Bc2 Bf5 20. Red4 Bxc2 21.
Rxd8 Ra8 22. Rxa8 Rxa8 23. Rd6 Kf8 24. Nd4 Bb1 25. a3 Be4 26. f3 Bd3 27. Nc6
Ke8 28. Nb4 a5 29. Nxd3 cxd3 30. Rxd3 a4 31. Kf2 Rc8 32. Ke3 Ke7 33. Rd6 f6 34.
Rb6 Rc5 35. exf6+ gxf6 36. f4 h5 37. g3 Rd5 38. h4 Kf7 39. Ke4 Rc5 40. Kd4 Rf5
41. Rc6 Kg6 42. Ke4 1-0

[Event "Politiken Cup 2008"]
[Site "Helsingør DEN"]
[Date "2008.07.20"]
[Round "2.114"]
[White "Ronningen, Anders"]
[Black "Bendixen, Daniel"]
[Result "1-0"]
[WhiteElo "1960"]
[BlackElo "1523"]
[PlyCount "65"]
[EventDate "2008.07.20"]
[EventType "swiss"]
[EventRounds "9"]
[EventCountry "DEN"]
[Source "lmi"]
[SourceDate "2008.07.20"]
[WhiteTeam "Kongsvinger"]
[BlackTeam "Holbæk"]

1. e4 e5 2. Nf3 Nc6 3. Bc4 Nf6 4. d3 Bc5 5. c3 d6 6. h3 O-O 7. Bb3 Be6 8. Bc2
Bb6 9. O-O h6 10. Re1 Nd7 11. d4 exd4 12. cxd4 Bc4 13. Nbd2 Ba6 14. Nf1 Re8 15.
Ng3 Nf6 16. Nf5 Ne7 17. N3h4 Qd7 18. Nxe7+ Rxe7 19. Nf5 Re6 20. d5 Ree8 21. Qd2
c6 22. Nxg7 Kxg7 23. Qxh6+ Kg8 24. Qxf6 Bd8 25. Qh6 Bb6 26. e5 f5 27. dxc6 bxc6
28. Bb3+ d5 29. Qg6+ Qg7 30. Qxc6 Bb7 31. Bxd5+ Kh8 32. Qxb7 Qg3 33. Qxb6 1-0

[Event "Politiken Cup 2008"]
[Site "Helsingør DEN"]
[Date "2008.07.20"]
[Round "2.115"]
[White "Johansen, Anders Sten"]
[Black "Grass, Ernest"]
[Result "1/2-1/2"]
[WhiteElo "1615"]
[BlackElo "1953"]
[PlyCount "52"]
[EventDate "2008.07.20"]
[EventType "swiss"]
[EventRounds "9"]
[EventCountry "DEN"]
[Source "lmi"]
[SourceDate "2008.07.20"]
[WhiteTeam "Follo"]
[BlackTeam "Schachfreunde Braunfelds"]

1. e4 c5 2. Nc3 Nc6 3. f4 e6 4. Nf3 a6 5. d3 g6 6. g3 Bg7 7. Bg2 Nge7 8. O-O
O-O 9. Bd2 b5 10. Qe2 d5 11. Rae1 d4 12. Nd1 f6 13. g4 e5 14. f5 Qe8 15. h4 Ra7
16. Kh2 h5 17. gxh5 gxh5 18. Rg1 Kh8 19. Bh3 Qf7 20. Rg6 Nxg6 21. Ng5 fxg5 22.
Qxh5+ Bh6 23. fxg6 Qf3 24. Qxh6+ Kg8 25. Bxc8 Rxc8 26. g7 g4 1/2-1/2

[Event "Politiken Cup 2008"]
[Site "Helsingør DEN"]
[Date "2008.07.20"]
[Round "2.116"]
[White "Rasmussen, Henning"]
[Black "Torkilseng, Runar"]
[Result "1/2-1/2"]
[WhiteElo "1953"]
[BlackElo "1488"]
[PlyCount "67"]
[EventDate "2008.07.20"]
[EventType "swiss"]
[EventRounds "9"]
[EventCountry "DEN"]
[Source "lmi"]
[SourceDate "2008.07.20"]
[WhiteTeam "Nykøbing Sj"]
[BlackTeam "Direkt medlem"]

1. Nf3 d5 2. c4 c6 3. e3 Nf6 4. d4 e6 5. Nc3 Nbd7 6. Bd3 Be7 7. a3 dxc4 8. Bxc4
b5 9. Bd3 Bb7 10. O-O O-O 11. Re1 a6 12. e4 c5 13. e5 Nd5 14. Nxd5 Bxd5 15. Be4
Nb6 16. Bxd5 Qxd5 17. dxc5 Bxc5 18. Qxd5 Nxd5 19. Ng5 Be7 20. Ne4 Rac8 21. Bd2
h6 22. Rac1 Rfd8 23. Rxc8 Rxc8 24. Rc1 Rxc1+ 25. Bxc1 Nb6 26. b3 Nd5 27. Kf1
Kf8 28. g3 Ke8 29. Ke2 Kd7 30. Kd3 Kc6 31. f4 h5 32. h3 g6 33. h4 Nb6 34. Nc3
1/2-1/2

[Event "Politiken Cup 2008"]
[Site "Helsingør DEN"]
[Date "2008.07.20"]
[Round "2.117"]
[White "Andersen, Dag"]
[Black "Christiansen, Niels Jørgen"]
[Result "1-0"]
[WhiteElo "1944"]
[BlackElo "1450"]
[PlyCount "79"]
[EventDate "2008.07.20"]
[EventType "swiss"]
[EventRounds "9"]
[EventCountry "DEN"]
[Source "lmi"]
[SourceDate "2008.07.20"]
[WhiteTeam "Indre Østfolds Sjakkselskab"]
[BlackTeam "Helsinge"]

1. e4 b6 2. d4 e6 3. Bd3 Bb7 4. Nc3 Ne7 5. a3 g6 6. Be3 Bg7 7. Qd2 h6 8. O-O-O
d6 9. f3 Nd7 10. Nge2 a6 11. Nf4 c5 12. dxc5 Nxc5 13. Bc4 Be5 14. Nd3 Nxd3+ 15.
Qxd3 g5 16. Bb3 b5 17. h4 Qc7 18. Ne2 O-O-O 19. hxg5 d5 20. exd5 Nxd5 21. Bxd5
Bxd5 22. Nd4 Bf4 23. Rxh6 Bc4 24. Qe4 Bxe3+ 25. Qxe3 Rxh6 26. gxh6 e5 27. Ne2
Rxd1+ 28. Kxd1 Qd6+ 29. Qd2 Qg6 30. Nc3 Qh5 31. Kc1 Qh1+ 32. Nd1 f6 33. b3 Bf1
34. Kb2 Bxg2 35. Nf2 Qh2 36. Ng4 Qh3 37. Nxf6 Bxf3 38. Qd7+ Qxd7 39. Nxd7 Be4
40. Nf6 1-0

[Event "Politiken Cup 2008"]
[Site "Helsingør DEN"]
[Date "2008.07.20"]
[Round "2.118"]
[White "Madsen, Dennis"]
[Black "Gardarsson, Hordur"]
[Result "0-1"]
[WhiteElo "1518"]
[BlackElo "1943"]
[PlyCount "30"]
[EventDate "2008.07.20"]
[EventType "swiss"]
[EventRounds "9"]
[EventCountry "DEN"]
[Source "lmi"]
[SourceDate "2008.07.20"]
[WhiteTeam "Helsingør"]

1. d4 d5 2. e4 dxe4 3. Nc3 Nf6 4. f3 Bf5 5. g4 Bg6 6. g5 Nd5 7. Nxe4 e6 8. c3
c6 9. h4 Bd6 10. Ne2 Bh5 11. Qd3 Na6 12. Bd2 Qc7 13. Nxd6+ Qxd6 14. Bg2 b5 15.
b4 Bg6 0-1

[Event "Politiken Cup 2008"]
[Site "Helsingør DEN"]
[Date "2008.07.20"]
[Round "2.119"]
[White "Moller, Arne"]
[Black "Moe, Pål"]
[Result "1-0"]
[WhiteElo "1943"]
[BlackElo "1431"]
[PlyCount "107"]
[EventDate "2008.07.20"]
[EventType "swiss"]
[EventRounds "9"]
[EventCountry "DEN"]
[Source "lmi"]
[SourceDate "2008.07.20"]
[WhiteTeam "Amager"]
[BlackTeam "OSS"]

1. e4 c5 2. Nf3 d6 3. d4 cxd4 4. Nxd4 Nf6 5. Nc3 a6 6. Be2 e5 7. Nb3 Be7 8. Be3
Be6 9. O-O O-O 10. f4 Qc7 11. f5 Bc4 12. Bd3 d5 13. exd5 Nxd5 14. Nxd5 Bxd5 15.
f6 Bxf6 16. Rxf6 e4 17. Rf5 Rd8 18. Qh5 g6 19. Qg5 Bxb3 20. Bxe4 Be6 21. Rf2
Nc6 22. Qh4 f5 23. Bd3 Rf8 24. Re1 Qd7 25. Rfe2 Rfe8 26. b3 Bf7 27. Qh6 Re5 28.
Bf2 Rxe2 29. Rxe2 Re8 30. Bc5 Qd8 31. Rxe8+ Qxe8 32. Qd2 Qe5 33. Be3 Bd5 34.
Bf1 Kf7 35. c3 Qe6 36. Bh6 b5 37. Qf2 Qe4 38. Qc5 Ne7 39. Bg5 f4 40. Bxe7 Qxe7
41. Qxd5+ Kf8 42. Qa8+ Kg7 43. Qxa6 Qe3+ 44. Kh1 h5 45. Qxb5 Kh6 46. Qd3 Qf2
47. Qe2 Qh4 48. a4 Qf6 49. a5 Qxc3 50. a6 Qxb3 51. a7 Qd5 52. Qa6 f3 53. a8=Q
fxg2+ 54. Bxg2 1-0

[Event "Politiken Cup 2008"]
[Site "Helsingør DEN"]
[Date "2008.07.20"]
[Round "2.120"]
[White "Nielsen, Hogni Eigilstoft"]
[Black "Nielsen, Jens Holm"]
[Result "1-0"]
[WhiteElo "1507"]
[BlackElo "1943"]
[PlyCount "91"]
[EventDate "2008.07.20"]
[EventType "swiss"]
[EventRounds "9"]
[EventCountry "DEN"]
[Source "lmi"]
[SourceDate "2008.07.20"]
[WhiteTeam "Sandavags Talvfelag"]
[BlackTeam "Amager"]

1. e4 Nc6 2. Nf3 f5 3. exf5 d5 4. Bb5 Qd6 5. Bxc6+ bxc6 6. d4 Bxf5 7. O-O Bg4
8. Nc3 Nf6 9. Qd3 Nd7 10. Re1 g6 11. Ne5 Nxe5 12. dxe5 Qd7 13. Bg5 Bf5 14. Qd2
h6 15. Bf4 e6 16. Ne2 g5 17. Be3 c5 18. c3 Rb8 19. f4 gxf4 20. Nxf4 h5 21. Bf2
h4 22. Rad1 Qg7 23. b4 c4 24. Qd4 c6 25. a4 Qd7 26. a5 Rb5 27. Ne2 c5 28. Qd2
cxb4 29. Nd4 bxc3 30. Qxc3 Bb4 31. Qb2 Bxe1 32. Nxb5 Bxf2+ 33. Kxf2 Kf7 34.
Nd6+ Kg6 35. Nxf5 Rf8 36. Qc2 Rxf5+ 37. Kg1 Kg7 38. Qxc4 h3 39. Qg4+ Kf8 40.
Qxh3 Qg7 41. Rxd5 Rg5 42. Rb5 Qc7 43. Qh6+ Rg7 44. Qf6+ Rf7 45. Rb8+ Qxb8 46.
Qh8+ 1-0

[Event "Politiken Cup 2008"]
[Site "Helsingør DEN"]
[Date "2008.07.20"]
[Round "2.121"]
[White "Svane, Rasmus"]
[Black "Dam, Vagnur"]
[Result "1-0"]
[WhiteElo "1934"]
[BlackElo "1396"]
[PlyCount "97"]
[EventDate "2008.07.20"]
[EventType "swiss"]
[EventRounds "9"]
[EventCountry "DEN"]
[Source "lmi"]
[SourceDate "2008.07.20"]
[WhiteTeam "Lubecker Schachverein 1873"]
[BlackTeam "Rokur"]

1. e4 c6 2. d4 d5 3. Nc3 dxe4 4. Nxe4 Bf5 5. Ng3 Bg6 6. h4 h6 7. Nf3 Nd7 8. h5
Bh7 9. Bd3 Bxd3 10. Qxd3 e6 11. Bd2 Ngf6 12. O-O-O Qc7 13. Ne4 Be7 14. Kb1
O-O-O 15. g3 Nxe4 16. Qxe4 Nf6 17. Qe2 c5 18. Ne5 Bd6 19. c3 Bxe5 20. dxe5 Nd5
21. f4 Ne7 22. g4 Qc6 23. Rhf1 g6 24. hxg6 fxg6 25. Rh1 a6 26. Rh2 Rh7 27. Rdh1
Rdh8 28. Be1 Nd5 29. Bg3 Qb5 30. Qc2 Qe8 31. Qe4 Qf7 32. Qc4 Qc7 33. f5 b5 34.
Qe4 gxf5 35. gxf5 Qb7 36. Kc1 exf5 37. Qxf5+ Qd7 38. e6 Qd8 39. Rd1 Qg5+ 40.
Qxg5 hxg5 41. Rxh7 Rxh7 42. Rxd5 c4 43. Rxg5 Re7 44. Rg6 Kb7 45. Bd6 Re8 46. e7
Kc6 47. Rf6 Kd7 48. Rf8 Rxe7 49. Bxe7 1-0

[Event "Politiken Cup 2008"]
[Site "Helsingør DEN"]
[Date "2008.07.20"]
[Round "2.122"]
[White "Suntharaligam, Jathavan"]
[Black "Lindgaard, Jørn"]
[Result "1-0"]
[WhiteElo "1929"]
[BlackElo "1337"]
[PlyCount "71"]
[EventDate "2008.07.20"]
[EventType "swiss"]
[EventRounds "9"]
[EventCountry "DEN"]
[Source "lmi"]
[SourceDate "2008.07.20"]
[WhiteTeam "OSS"]
[BlackTeam "Taastrup"]

1. e4 e5 2. Nf3 Nc6 3. Bb5 a6 4. Ba4 Nf6 5. d4 b5 6. Bb3 exd4 7. O-O Bc5 8. e5
Ng4 9. h3 Ngxe5 10. Nxe5 Nxe5 11. Re1 d6 12. f4 Qh4 13. fxe5 d3+ 14. Be3 dxc2
15. Bxc2 O-O 16. Bxc5 dxc5 17. Nd2 Bb7 18. Nf3 Qg3 19. Be4 Rad8 20. Qc2 Bxe4
21. Rxe4 f5 22. Re2 c4 23. e6 Rd3 24. e7 Re8 25. Rf1 Qd6 26. Ne5 Rxe7 27. Nxd3
cxd3 28. Qb3+ Kh8 29. Rxe7 Qxe7 30. Qxd3 Qf7 31. Rxf5 Qe7 32. Qe4 Qd8 33. Qd5
Qc8 34. Qd7 Qb8 35. Qe7 Qb6+ 36. Kh1 1-0

[Event "Politiken Cup 2008"]
[Site "Helsingør DEN"]
[Date "2008.07.20"]
[Round "2.123"]
[White "Kopansky, Lorentz"]
[Black "Schmidt, Horst Hubert"]
[Result "1-0"]
[WhiteElo "1463"]
[BlackElo "1925"]
[PlyCount "107"]
[EventDate "2008.07.20"]
[EventType "swiss"]
[EventRounds "9"]
[EventCountry "DEN"]
[Source "lmi"]
[SourceDate "2008.07.20"]
[WhiteTeam "HSK Post Hanover"]
[BlackTeam "Brønshøj"]

1. e4 d6 2. d4 g6 3. Be3 Bg7 4. Nc3 Nf6 5. f3 a6 6. Qd2 b5 7. O-O-O O-O 8. g4
b4 9. Nce2 Nc6 10. h4 h5 11. Ng3 hxg4 12. h5 Nh7 13. Bh6 Bxh6 14. Qxh6 g5 15.
Bd3 e5 16. Bc4 Nxd4 17. Qg6+ Kh8 18. Bxf7 Qe7 19. Bd5 Rb8 20. h6 Bd7 21. Nh5
Ne6 22. Bxe6 Bxe6 23. Qg7+ Qxg7 24. hxg7+ Kg8 25. gxf8=Q+ Rxf8 26. Rf1 d5 27.
Ng3 dxe4 28. fxe4 Rf4 29. Rxf4 exf4 30. Nf5 f3 31. Ng3 Bc4 32. b3 Bb5 33. Rh2
Nf6 34. Rf2 Bc6 35. e5 Ne4 36. Nxe4 Bxe4 37. Rf1 Kf7 38. Kd2 Ke6 39. Rc1 Kxe5
40. Ke3 c6 41. c3 a5 42. cxb4 axb4 43. Rc5+ Bd5 44. Ra5 Kd6 45. a3 bxa3 46.
Rxa3 Kc5 47. Ra4 Be6 48. Ra5+ Kb4 49. Rxg5 Kxb3 50. Rg6 Bd7 51. Rd6 Be8 52.
Rd3+ Kc4 53. Rd4+ Kc3 54. Rxg4 1-0

[Event "Politiken Cup 2008"]
[Site "Helsingør DEN"]
[Date "2008.07.20"]
[Round "2.124"]
[White "Nielsen, Preben"]
[Black "Edvardsson, Hannu Kalero"]
[Result "1-0"]
[WhiteElo "1921"]
[BlackElo "1300"]
[PlyCount "71"]
[EventDate "2008.07.20"]
[EventType "swiss"]
[EventRounds "9"]
[EventCountry "DEN"]
[Source "lmi"]
[SourceDate "2008.07.20"]
[WhiteTeam "Ålsgårde"]

1. e4 e5 2. Nf3 d6 3. d4 exd4 4. Nxd4 Nf6 5. Nc3 Be7 6. Bc4 O-O 7. O-O Bd7 8.
f4 Nc6 9. Nf3 h6 10. a3 Be6 11. Bd3 Bg4 12. h3 Bxf3 13. Rxf3 Nh7 14. Nd5 Nf6
15. Ne3 g6 16. b4 a6 17. Bb2 Nh7 18. Ng4 Bf6 19. Nxh6+ Kg7 20. Bxf6+ Nxf6 21.
Ng4 Nxg4 22. hxg4 Rh8 23. g5 Rh5 24. Qe1 Nd4 25. Qc3 c5 26. Bc4 Kg8 27. Rf2 Ne6
28. f5 Nxg5 29. fxg6 Nxe4 30. Bxf7+ Kf8 31. Qf3 Nxf2 32. Qxh5 Qf6 33. Qh6+ Qg7
34. Qxg7+ Kxg7 35. Kxf2 c4 36. Rh1 1-0

[Event "Politiken Cup 2008"]
[Site "Helsingør DEN"]
[Date "2008.07.20"]
[Round "2.125"]
[White "Radovic, Slobodan"]
[Black "Van Der Grinten, Bas"]
[Result "0-1"]
[WhiteElo "1439"]
[BlackElo "1921"]
[PlyCount "97"]
[EventDate "2008.07.20"]
[EventType "swiss"]
[EventRounds "9"]
[EventCountry "DEN"]
[Source "lmi"]
[SourceDate "2008.07.20"]
[WhiteTeam "Holbæk"]
[BlackTeam "Venlose"]

1. d4 Nf6 2. Bg5 c5 3. Bxf6 gxf6 4. Nf3 Qb6 5. b3 Bg7 6. dxc5 Qxc5 7. Qd4 Qxc2
8. Na3 Qf5 9. Rc1 O-O 10. Rc5 Qe6 11. Nb5 Na6 12. Rh5 Qc6 13. Qc3 e5 14. e3 d5
15. Qxc6 bxc6 16. Nd6 Nb4 17. Nxc8 Rfxc8 18. a4 d4 19. Bc4 dxe3 20. fxe3 Nd5
21. Kf2 Nc3 22. Nh4 Rd8 23. Nf5 Ne4+ 24. Kf3 Nd2+ 25. Ke2 Nxc4 26. bxc4 Rab8
27. Ne7+ Kh8 28. Nxc6 Rb2+ 29. Kf3 Rd7 30. a5 Bf8 31. Re1 Rc7 32. Nxe5 fxe5 33.
Rxe5 Rxc4 34. Rd1 Kg7 35. Rg5+ Kf6 36. Rh5 Rcc2 37. Rxh7 Rxg2 38. Rd7 Rgf2+ 39.
Ke4 Kg6 40. Rh8 Bc5 41. Rc8 f5+ 42. Ke5 Bxe3 43. Rc6+ Kh5 44. Rh7+ Kg4 45. Rg6+
Kf3 46. Rg3+ Ke2 47. Rxe3+ Kxe3 48. Rxa7 Rb5+ 49. Kd6 0-1

[Event "Politiken Cup 2008"]
[Site "Helsingør DEN"]
[Date "2008.07.20"]
[Round "2.126"]
[White "Hansen, Frank"]
[Black "Benediktsson, Frimann"]
[Result "1-0"]
[WhiteElo "1400"]
[BlackElo "1915"]
[PlyCount "45"]
[EventDate "2008.07.20"]
[EventType "swiss"]
[EventRounds "9"]
[EventCountry "DEN"]
[Source "lmi"]
[SourceDate "2008.07.20"]
[WhiteTeam "Hvidovre"]
[BlackTeam "Taflfelag Rejkjavikur"]

1. e4 c6 2. f4 d5 3. e5 c5 4. Nf3 Nc6 5. d4 Bg4 6. dxc5 e6 7. Be3 Bxf3 8. Qxf3
d4 9. Bf2 Bxc5 10. Bb5 Qa5+ 11. Nc3 dxc3 12. Bxc6+ Ke7 13. Bxc5+ Qxc5 14. Ba4
Rb8 15. Qxc3 Qxc3+ 16. bxc3 Rc8 17. O-O-O Rc7 18. Rd6 Nh6 19. Rhd1 Rhc8 20.
Rd7+ Kf8 21. Rd8+ Rxd8 22. Rxd8+ Ke7 23. Re8# 1-0

[Event "Politiken Cup 2008"]
[Site "Helsingør DEN"]
[Date "2008.07.20"]
[Round "2.127"]
[White "Nilsen, Kai"]
[Black "Kristensen, Steffen Michael"]
[Result "1-0"]
[WhiteElo "1914"]
[BlackElo "1238"]
[PlyCount "35"]
[EventDate "2008.07.20"]
[EventType "swiss"]
[EventRounds "9"]
[EventCountry "DEN"]
[Source "lmi"]
[SourceDate "2008.07.20"]
[WhiteTeam "Fredrikstad"]
[BlackTeam "Odysseus"]

1. e4 d5 2. exd5 Qxd5 3. d4 Bf5 4. Nf3 Qe4+ 5. Be3 Qxc2 6. Qxc2 Bxc2 7. Na3 Bg6
8. Nb5 Na6 9. d5 b6 10. Rc1 Nf6 11. Nxc7+ Nxc7 12. Rxc7 Kd8 13. Rc1 Rc8 14.
Rxc8+ Kxc8 15. Ba6+ Kd8 16. Ne5 Nxd5 17. O-O e6 18. Nc6+ 1-0

[Event "Politiken Cup 2008"]
[Site "Helsingør DEN"]
[Date "2008.07.20"]
[Round "2.128"]
[White "Meldal, Peter"]
[Black "Nielsen, Lasse Simoni"]
[Result "0-1"]
[WhiteElo "1373"]
[BlackElo "1888"]
[PlyCount "86"]
[EventDate "2008.07.20"]
[EventType "swiss"]
[EventRounds "9"]
[EventCountry "DEN"]
[Source "lmi"]
[SourceDate "2008.07.20"]
[WhiteTeam "Taastrup"]
[BlackTeam "Jetsmark"]

1. e4 e6 2. d4 d5 3. Nc3 Bb4 4. e5 c5 5. a3 Bxc3+ 6. bxc3 f6 7. f4 Nc6 8. Nf3
c4 9. Be2 Qc7 10. O-O Bd7 11. exf6 gxf6 12. Nh4 O-O-O 13. f5 e5 14. dxe5 Nxe5
15. Bf4 Ne7 16. Bg3 Be8 17. Qd4 N7c6 18. Qe3 Qa5 19. Nf3 Nxf3+ 20. Bxf3 Bd7 21.
Qf4 Ne5 22. Qh6 Qxc3 23. Bxe5 Qxe5 24. g4 Rhe8 25. Qd2 Bc6 26. Rfe1 Qc7 27. Qd4
Qb6 28. Qxb6 axb6 29. Re6 Rxe6 30. fxe6 Re8 31. Re1 Kc7 32. h4 Kd6 33. g5 Rxe6
34. Rxe6+ Kxe6 35. Bg4+ Ke5 36. Kf2 fxg5 37. hxg5 Kf4 38. Bd1 d4 39. Be2 b5 40.
a4 Kxg5 41. axb5 Bxb5 42. Bf3 Bc6 43. Be2 b5 0-1

[Event "Politiken Cup 2008"]
[Site "Helsingør DEN"]
[Date "2008.07.20"]
[Round "2.129"]
[White "Sørensen, Svend Erik Forby"]
[Black "Mølvig, Julius"]
[Result "1-0"]
[WhiteElo "1911"]
[BlackElo "1203"]
[PlyCount "81"]
[EventDate "2008.07.20"]
[EventType "swiss"]
[EventRounds "9"]
[EventCountry "DEN"]
[Source "lmi"]
[SourceDate "2008.07.20"]
[WhiteTeam "Ålgårde"]
[BlackTeam "Skovbo"]

1. d4 Nf6 2. c4 d5 3. Nc3 g6 4. Nf3 Bg7 5. e3 O-O 6. cxd5 Nxd5 7. Be2 Nc6 8.
O-O e5 9. dxe5 Nxc3 10. bxc3 Qxd1 11. Rxd1 Nxe5 12. Ba3 Nxf3+ 13. Bxf3 Bxc3 14.
Rac1 Ba5 15. Bxf8 Kxf8 16. Rd8+ Ke7 17. Rh8 h5 18. Rc5 Bb6 19. Re5+ Kd7 20.
Rd5+ Ke7 21. Rdd8 a5 22. Rxc8 Ra6 23. Ra8 Ba7 24. h4 b5 25. Bb7 Rd6 26. Rxa7 a4
27. Bf3 Rd7 28. Rb8 c6 29. Rxd7+ Kxd7 30. Rb7+ Kd6 31. Rb6 Kc5 32. Rxc6+ Kb4
33. Kf1 a3 34. Ke1 Ka4 35. Kd2 b4 36. Rb6 Ka5 37. Rb7 f5 38. Kd3 Ka4 39. Kc4
Ka5 40. Kc5 Ka6 41. Kc6 1-0